عرض عادي عرض مارك
  • التفاضل والتكامل

مدخل مصطلح موضوعي

عدد التسجيلات المستخدمة في: 1

001 - رقم الضبط

  • حقل الضبط: 97870

003 - معرف رقم الضبط

  • حقل الضبط: OSt

005 - تاريخ ووقت أخر عملية

  • حقل الضبط: 20220821163357.0

008 - عناصر بيانات ثابتة الطول

  • حقل تحكم ثابت الطول: 220821|| aca||aabn | a|a d

040 ## - مصدر الفهرسة

  • هيئة الفهرسة الأصلية: OSt
  • وكالة الكتابة: OSt

150 ## - مدخل-- مصطلح تاريخي

  • عنصر مدخل المصطلح الموضوعي او الاسم الجغرافي: التفاضل والتكامل

670 ## - بيانات المصدر موجوده

  • الاستشهاد بالمصدر: Work cat.: (OSt)81602: الخطيب، روحي إبراهيم مؤلف. 14156, التفاضل والتكامل. الجزء الأول =